01328 a2200217 45000010006000000050017000060080041000230030015000640400040000790800033001192450020001520200018001722640051001903000019002415050663002600410008009231000026009317000025009577000029009828560099010115309620260407155804.0260407a1991 arg spa dAR-UNSa-BCEJYS aAR-UNSa-BCEJYSbspacAR-UNSa-BCEJYS a330.101.541xMacroeconomía10aMacroeconomía a950-557-121-6 1aMéxico :bFondo de Cultura Económicac1991 a898 p.c23 cm. aPrimera parte:Introducción - 1. Nociones y relaciones básicas - 2. Sintonía fina - 3. Indicadores macroeconómicos básicos - Segunda parte: La macroeconmía convencional - 1. El modelo clásico - 2. Las modificaciones keynesianas - 3. Las extensiones convencionales - 4.Sintesís de la macroeconomía convencional - Tercera parte: Extensiones más recientes - 1. Características estructurales de los modelos de la macroeconomía convencional - 3. Economía abierta - 4. Dinero pasivo - 5. Inflación - 6. Otros rumbos - 7. La macroeconomía luego de las extensiones más recientes - Cuarta parte:Macroeconomía y política económica  aspa1 aDe Pablo, Juan Carlos1 aLeone, Alfredo Mario1 aMartinez, Alfonso José41uhttps://www.biblioeco.unsa.edu.ar/pmb/images/libros/L128404.jpgyImagen de portadaqimage/jpeg